Economics
Furkejuvvon:
| Váldodahkkit: | , |
|---|---|
| Materiálatiipa: | Girji |
| Giella: | eaŋgalasgiella |
| Almmustuhtton: |
Nueva York
McGraw-Hill
1979
|
| Fáttát: | |
| Fáddágilkorat: |
Lasit fáddágilkoriid
Eai fáddágilkorat, Lasit vuosttaš fáddágilkora!
|
MARC
| LEADER | 00000nam a2200000 a 4500 | ||
|---|---|---|---|
| 001 | UCR8107 | ||
| 003 | CL-VaPUC | ||
| 008 | 980519e19790000US |||||||||||||||||eng|d | ||
| 082 | 0 | 4 | |a 330 |b WON |2 21 |
| 100 | 0 | |a Wonnacott, Paul |e author |9 409792 | |
| 700 | 0 | |a Wonnacott, Ronald J |e author |9 409793 | |
| 245 | 1 | 0 | |a Economics |
| 300 | |a 749 p | ||
| 942 | |c BK | ||
| 945 | |d 19980519 00:00:00 |a lriquelm | ||
| 260 | |a Nueva York |b McGraw-Hill |c 1979 | ||
| 650 | 0 | |a Economía internacional |9 258254 | |
| 650 | 0 | |a Microeconomía |9 258126 | |
| 650 | 0 | |a Política monetaria |9 258279 | |
| 650 | 0 | |a Macroeconomía |9 260301 | |
| 583 | |a last modification |c 19980519 00:00:00 |k Rodrigo Vera | ||
| 999 | |c 269671 |d 269669 | ||
| 952 | |0 0 |1 0 |4 0 |6 330_000000000000000_WON_1979 |7 0 |8 A |9 303502 |a BIBENE |b BIBENE |d 2019-11-20 |i 1985949 |o 330 WON 1979 |p 1985949 |r 2025-01-15 |w 2019-11-20 |y BK |k ICO | ||